Literární měsíčník 7/80

Bibliographic Details
Main Author: R. (Author)
Format: Article
Language:Slovak
Subjects:

MARC

LEADER 00000nab a2200000 a 4500
001 vtls000074194
003 SK-MaSNL
005 20260303184853.0
008 160202c1980 xo 0 slo
015 |a SNBRB19rr/mm-uuuuu 
035 |a CL0084295 
040 |a SNKBUCL  |b slo  |c SNKBUCL  |e AACR2 
041 0 |a slo 
044 |a xo  |c SK 
080 |a 82:05:885.0  |2 1981 
080 |a 05  |2 1981 
080 |a 885.0  |2 1981 
080 |a 82  |2 1981 
080 |a 016  |2 1981 
100 0 |a R.  |4 aut  |9 636179 
245 1 0 |a Literární měsíčník 7/80  |c R. 
630 0 7 |a Literární měsíčník (mesačník)  |2 snkbucl  |9 1210950 
650 0 7 |a literárne časopisy  |2 snkbucl  |9 58409 
655 7 |a články z novín a časopisov  |2 snkbucl  |9 267496 
655 7 |a články z odboru literárna veda a krásna literatúra  |2 snkbucl  |9 770045 
773 0 |t Slovenské pohľady  |g Roč. 96, č. 12 (1980), s. 141-142 
850 |a Slovenská národná knižnica v Martine  |a MTA001 
852 |a SNK  |b KIS3GCP 
954 |a odborná, vedecká literatúra pôvodná (slovenská)  |2 lita 
958 |a RK 
958 |a CZ 
958 |a LX 
958 |a SK 
992 |a RBX 
999 |c 2128596  |d 2130526